The radical faces of Godard and Bertolucci /

Bibliographic Details
Main Author: Loshitzky, Yosefa
Format: Book
Language:English
Published: Detroit : Wayne State University Press, [1995]
Series:Contemporary film and television series.
Subjects:

MARC

Tag First Indicator Second Indicator Subfields
LEADER 00000cam a2200000 a 4500
001 in00001237237
005 20151003062348.0
008 940726s1995 miua bq s001 0 eng
010 |a  94030602  
020 |a 0814324460 (alk. paper) 
020 |a 0814324479 (pbk. : alk. paper) 
035 |a (OCoLC)30914150 
035 |9 AGS7534AM 
040 |a DLC  |c DLC  |d UtOrBLW 
049 |a TXAM 
050 0 0 |a PN1998.3.G63  |b L67 1995 
082 0 0 |a 791.43/0233/0922  |2 20 
100 1 |a Loshitzky, Yosefa. 
245 1 4 |a The radical faces of Godard and Bertolucci /  |c Yosefa Loshitzky. 
264 1 |a Detroit :  |b Wayne State University Press,  |c [1995] 
264 4 |c ©1995 
300 |a 286 pages :  |b illustrations ;  |c 24 cm. 
336 |a text  |b txt  |2 rdacontent 
337 |a unmediated  |b n  |2 rdamedia 
338 |a volume  |b nc  |2 rdacarrier 
490 1 |a Contemporary film and television series 
504 |a Filmography: pages 265-274. 
504 |a Includes bibliographical references (pages 251-264) and index. 
600 1 0 |a Godard, Jean-Luc,  |d 1930-  |x Criticism and interpretation. 
600 1 0 |a Bertolucci, Bernardo  |x Criticism and interpretation. 
830 0 |a Contemporary film and television series. 
999 |a MARS 
999 f f |s 230b052e-8e47-3f45-9885-6858ed42fe5f  |i 763d0a0c-6ae9-3435-b72c-48e9d4075859  |t 0 
952 f f |p ric  |a Texas A&M University  |b Rellis Campus  |c Joint Library Facility  |d Remote Storage  |t 0  |e PN1998.3.G63 L67 1995  |h Library of Congress classification  |i unmediated -- volume  |m A14819727446 
998 f f |a PN1998.3.G63 L67 1995  |t 0  |l Remote Storage